Igualada y su futuro urbano /
Descripción Física:
Il·lustracions, plànols
Colección:
San Jorge,
; núm. 11 (juliol 1953), pàg 61-69
Materias:
Urbanisme -- Igualada (Catalunya)
; Urbanisme -- Aspectes socials -- Igualada (Catalunya)
; Ordenació del territori -- Barcelona (Província)
Idioma:
Español
MARC
| LEADER | 00000naa a2200000 a 4500 | ||
|---|---|---|---|
| 003 | Arxiu | ||
| 005 | 20260324181043.0 | ||
| 008 | 160829s1953 spcabx s spa c | ||
| 040 | |a agdb | ||
| 100 | 1 | |a Baldrich i Tibau, Manuel, |d 1911-1966 |9 21224 | |
| 245 | 1 | 0 | |a Igualada y su futuro urbano / |c por Manuel Baldrich, arquitecto provincial |
| 300 | |b Il·lustracions, plànols | ||
| 490 | |a San Jorge, |v núm. 11 (juliol 1953), pàg 61-69 | ||
| 590 | |a Conté 10 fotografies de la ciutat. | ||
| 590 | |a Conté 7 plànols de la ciutat | ||
| 650 | 0 | |a Urbanisme |9 33663 |z Igualada (Catalunya) | |
| 650 | 0 | |a Urbanisme |x Aspectes socials |9 33658 |z Igualada (Catalunya) | |
| 650 | 0 | |a Ordenació del territori |z Barcelona (Província) |9 45062 | |
| 773 | |g Núm. 11 (juliol 1953), pàg 61-69 |t San Jorge. | ||
| 901 | |a Arxiu | ||
| 942 | |n 1 |2 udc |c ART | ||
| 952 | |0 0 |1 0 |4 0 |6 REV508 |7 1 |9 64401 |a Arxiu |b Arxiu |d 2022-11-28 |o Rev-508 |r 2022-11-28 00:00:00 |w 2022-11-28 |y ARXIU |z També disponible a Rev-522 | ||
| 999 | |c 49941 |d 49941 | ||